[Event "Wch Seniors 65 29th"]
[Site "Bucharest"]
[Date "2019.11.18"]
[Round "6"]
[White "Harestad, Thor Geir"]
[Black "Kristiansen, Jens"]
[Result "0-1"]
[WhiteElo "2164"]
[BlackElo "2411"]
[PlyCount "70"]
[EventDate "2019.11.12"]
[EventType "swiss"]
[EventRounds "11"]
[EventCountry "ROU"]
[SourceTitle "CBM 193 Extra"]
[Source "ChessBase"]
[SourceDate "2020.01.31"]
[SourceVersion "1"]
[SourceVersionDate "2020.01.31"]
[SourceQuality "1"]

1. d4 f5 2. g3 Nf6 3. Bg2 g6 4. b3 Bg7 5. Bb2 0-0 6. Nf3 d6 7. 0-0 e6 8. c4 Ne4 9. Nc3 Nc6 10. e3 Nxc3 11. Bxc3 Qe7 12. b4 e5 13. b5 Nd8 14. Qb3 e4 15. Nd2 Nf7 16. Rae1 Ng5 17. Bb4 Be6 18. Qc2 c5 19. bxc6 bxc6 20. h4 c5 21. Bc3 Nf7 22. f3 exf3 23. Bxf3 Rac8 24. Qd3 Qc7 25. Rc1 d5 26. Kg2 dxc4 27. Qe2 cxd4 28. exd4 Rfe8 29. Qf2 Qd7 30. Rb1 Bd5 31. Rfe1 Bxf3+ 32. Nxf3 Qd5 33. Kh3 Nd6 34. Re3 f4 35. gxf4 Qf5+ 0-1

[Event "Wch Seniors 65 28th"]
[Site "Bled"]
[Date "2018.11.19"]
[Round "2"]
[White "Harestad, Thor Geir"]
[Black "Rogovin, Arkadi"]
[Result "1-0"]
[WhiteElo "2239"]
[BlackElo "1867"]
[PlyCount "109"]
[EventDate "2018.11.18"]
[EventType "swiss"]
[EventRounds "11"]
[EventCountry "SLO"]
[SourceTitle "CBM 187 Extra"]
[Source "ChessBase"]
[SourceDate "2018.11.04"]
[SourceVersion "1"]
[SourceVersionDate "2018.11.04"]
[SourceQuality "1"]

1. c4 Nf6 2. Nc3 e5 3. g3 c6 4. d4 exd4 5. Qxd4 d5 6. Nf3 Be7 7. cxd5 cxd5 8. Bg2 Nc6 9. Qa4 0-0 10. 0-0 h6 11. Rd1 Be6 12. Bf4 Qd7 13. Ne5 Nxe5 14. Bxe5 Qxa4 15. Nxa4 Rfd8 16. Nc3 Rac8 17. Bd4 b6 18. a4 Bc5 19. Bxf6 gxf6 20. Bxd5 Kg7 21. Bxe6 fxe6 22. Rxd8 Rxd8 23. Rd1 Rxd1+ 24. Nxd1 f5 25. e3 Kf6 26. Kf1 Kg5 27. h3 e5 28. Nc3 a6 29. Ke2 e4 30. Nd5 a5 31. f3 exf3+ 32. Kxf3 h5 33. Nf4 Bd6 34. h4+ Kh6 35. Nd5 Bc5 36. b3 Kg6 37. Nf4+ Kh6 38. e4 fxe4+ 39. Kxe4 Bf2 40. Kf3 Bc5 41. Ne6 Be7 42. Ke4 Bd6 43. Nf4 Bc5 44. Kf5 Bf2 45. g4 hxg4 46. Kxg4 Be1 47. h5 Bf2 48. Kf5 Bc5 49. Ke4 Bg1 50. Kd5 Be3 51. Nd3 Kxh5 52. Ne5 Kg5 53. Nc4 Bf2 54. Kc6 Kf4 55. Nxb6 1-0

[Event "Wch Seniors 65 28th"]
[Site "Bled"]
[Date "2018.11.18"]
[Round "1"]
[White "Marcovici, Adrian"]
[Black "Harestad, Thor Geir"]
[Result "1-0"]
[WhiteElo "1910"]
[BlackElo "2239"]
[PlyCount "45"]
[EventDate "2018.11.18"]
[EventType "swiss"]
[EventRounds "11"]
[EventCountry "SLO"]
[SourceTitle "CBM 187 Extra"]
[Source "ChessBase"]
[SourceDate "2018.11.04"]
[SourceVersion "1"]
[SourceVersionDate "2018.11.04"]
[SourceQuality "1"]

1. e4 c5 2. Nf3 e6 3. d4 cxd4 4. Nxd4 Nf6 5. Nc3 d6 6. g3 Be7 7. Bg2 0-0 8. 0-0 a6 9. a4 Qc7 10. a5 Bd7 11. Qe2 Nc6 12. Nb3 Ne5 13. Rd1 Nc4 14. Bf1 Rac8 15. Rd4 Ne5 16. f4 Nc6 17. Rd1 Nb4 18. Be3 Bc6 19. Bb6 Qb8 20. Nd4 Bd8 21. Nxc6 bxc6 22. Be3 c5 23. Na2 1-0

[Event "WchT Seniors 65"]
[Site "Dresden"]
[Date "2018.07.13"]
[Round "7.5"]
[White "Vaisser, Anatoli"]
[Black "Harestad, Thor Geir"]
[Result "1-0"]
[WhiteElo "2502"]
[BlackElo "2205"]
[PlyCount "83"]
[EventDate "2018.07.07"]
[EventType "team-swiss"]
[EventRounds "9"]
[EventCountry "GER"]
[SourceTitle "CBM 185 Extra"]
[Source "ChessBase"]
[SourceDate "2018.07.29"]
[SourceVersion "1"]
[SourceVersionDate "2018.07.29"]
[SourceQuality "1"]
[WhiteTeam "France"]
[BlackTeam "Norway"]
[WhiteTeamCountry "FRA"]
[BlackTeamCountry "NOR"]

1. d4 Nf6 2. c4 c5 3. d5 b5 4. cxb5 a6 5. bxa6 d6 6. Nc3 Bxa6 7. Nf3 g6 8. e4 Bxf1 9. Kxf1 Bg7 10. g3 0-0 11. Kg2 Qb6 12. Re1 Nfd7 13. Qe2 Na6 14. Nd2 Qb7 15. Nc4 Nc7 16. a4 Nb6 17. Ne3 Qa6 18. Qc2 Nc4 19. b3 Nxe3+ 20. Bxe3 Rab8 21. Rab1 Qa5 22. Bd2 Qa8 23. Qd3 Rbd8 24. Nd1 f5 25. f3 fxe4 26. fxe4 Ne8 27. Ne3 Nf6 28. Bc3 Bh6 29. Nc4 Qb7 30. Na5 Qd7 31. Nc6 Rde8 32. Bxf6 exf6 33. a5 Rf7 34. a6 Ref8 35. b4 Ra8 36. bxc5 dxc5 37. Rb7 Qd6 38. Reb1 Bf8 39. Rxf7 Kxf7 40. Rb7+ Kg8 41. a7 c4 42. Qxc4 1-0

[Event "EU-ch Seniors 65 14th"]
[Site "Porto"]
[Date "2014.03.16"]
[Round "8"]
[White "Harestad, Thor Geir"]
[Black "Anguera Maestro, Jaime"]
[Result "1/2-1/2"]
[WhiteElo "2206"]
[BlackElo "2172"]
[PlyCount "81"]
[EventDate "2014.03.09"]
[EventType "swiss"]
[EventRounds "9"]
[EventCountry "POR"]
[SourceTitle "CBM 159 Extra"]
[Source "ChessBase"]
[SourceDate "2014.04.24"]
[SourceVersion "1"]
[SourceVersionDate "2014.04.24"]
[SourceQuality "1"]

1. c4 c5 2. Nf3 Nc6 3. d4 cxd4 4. Nxd4 Nxd4 5. Qxd4 Nf6 6. Nc3 g6 7. g3 Bg7 8. Bg2 0-0 9. 0-0 d6 10. Qd2 Rb8 11. b3 Be6 12. Bb2 Qa5 13. Rad1 Qh5 14. Nd5 Bxd5 15. cxd5 Rfc8 16. h3 Qf5 17. Rc1 Qd7 18. Bd4 a6 19. a4 Ne8 20. Bxg7 Nxg7 21. h4 Rxc1 22. Rxc1 Rc8 23. Kh2 Rxc1 24. Qxc1 Ne8 25. h5 Qc7 26. Qe3 Nf6 27. Bf3 a5 28. hxg6 hxg6 29. Kg2 Kg7 30. g4 b6 31. g5 Ng8 32. Qd4+ f6 33. gxf6+ Nxf6 34. Qe3 Ng8 35. Be4 Nf6 36. Qd3 Qc5 37. e3 Qb4 38. Bf3 g5 39. Qf5 Qh4 40. Qe6 Kf8 41. Qc8+ 1/2-1/2

[Event "EU-ch Seniors 65 14th"]
[Site "Porto"]
[Date "2014.03.13"]
[Round "5"]
[White "Harestad, Thor Geir"]
[Black "Grinberg, Iosif P"]
[Result "1-0"]
[WhiteElo "2206"]
[BlackElo "2146"]
[PlyCount "93"]
[EventDate "2014.03.09"]
[EventType "swiss"]
[EventRounds "9"]
[EventCountry "POR"]
[SourceTitle "CBM 159 Extra"]
[Source "ChessBase"]
[SourceDate "2014.04.24"]
[SourceVersion "1"]
[SourceVersionDate "2014.04.24"]
[SourceQuality "1"]

1. c4 c6 2. d4 d5 3. Nc3 e6 4. cxd5 exd5 5. Qc2 Qb6 6. Nxd5 Qd8 7. Nc3 Qxd4 8. Nf3 Qb6 9. e4 Nd7 10. Bc4 Nc5 11. Be3 Qc7 12. 0-0 Be6 13. Be2 Be7 14. b4 Nd7 15. Nd5 Qc8 16. Rac1 Ndf6 17. Nxe7 Nxe7 18. Bc5 Nd7 19. Bd6 f6 20. Nd4 Nb6 21. a4 Qd7 22. Bc5 Rd8 23. Rfd1 Qc8 24. a5 Na8 25. Bxa7 Bf7 26. Bc5 Qc7 27. Nf5 Nxf5 28. exf5 Bd5 29. Bh5+ Kd7 30. b5 Kc8 31. b6 Qe5 32. Re1 Qf4 33. Be3 Qh4 34. Be2 Qe4 35. Qxe4 Bxe4 36. g4 Bd3 37. Bf3 Rhe8 38. Bc5 Bb5 39. Kg2 Bd3 40. Kg3 Bb5 41. Kf4 Ba6 42. h4 Bb5 43. g5 Ba4 44. gxf6 gxf6 45. Re6 Rxe6 46. fxe6 Bb3 47. e7 1-0

[Event "EU-ch Seniors 65 14th"]
[Site "Porto"]
[Date "2014.03.10"]
[Round "2"]
[White "Zhelesny, Stanislav"]
[Black "Harestad, Thor Geir"]
[Result "0-1"]
[WhiteElo "2087"]
[BlackElo "2206"]
[PlyCount "108"]
[EventDate "2014.03.09"]
[EventType "swiss"]
[EventRounds "9"]
[EventCountry "POR"]
[SourceTitle "CBM 159 Extra"]
[Source "ChessBase"]
[SourceDate "2014.04.24"]
[SourceVersion "1"]
[SourceVersionDate "2014.04.24"]
[SourceQuality "1"]

1. d4 c5 2. Nf3 g6 3. g3 Bg7 4. Bg2 cxd4 5. Nxd4 Nc6 6. c3 Nf6 7. 0-0 0-0 8. Nd2 d5 9. N2f3 Re8 10. Nxc6 bxc6 11. c4 e5 12. Bg5 Bb7 13. e4 d4 14. Ne1 h6 15. Bxf6 Qxf6 16. Nd3 Qd6 17. f4 c5 18. f5 Bc8 19. fxg6 fxg6 20. Qe2 Be6 21. b3 a5 22. Bf3 a4 23. Bg4 Bf7 24. Rab1 axb3 25. axb3 Re7 26. Bh3 Kh7 27. Rfc1 Rb8 28. b4 cxb4 29. Qe1 b3 30. c5 Qd8 31. Nb4 Rc7 32. Na6 Bf8 33. Nxb8 Qxb8 34. Qa5 d3 35. c6 Qd8 36. Qb6 Qd6 37. Qe3 Rxc6 38. Rxc6 Qxc6 39. Qxd3 Qc2 40. Qf1 Bc5+ 41. Kh1 Bc4 42. Qd1 Bd3 43. Qxc2 bxc2 44. Rc1 Be3 45. Rxc2 Bxc2 46. Bg2 Bd3 47. Bf3 Bf1 48. h4 Kg7 49. Kh2 Bf2 50. h5 g5 51. Bg4 Kf6 52. Bf5 Ke7 53. Bh3 Be2 54. Kg2 Be1 0-1

[Event "Wch Seniors 23rd"]
[Site "Opatija"]
[Date "2013.11.16"]
[Round "5"]
[White "Nickl, Klaus"]
[Black "Harestad, Thor Geir"]
[Result "1/2-1/2"]
[WhiteElo "2122"]
[BlackElo "2238"]
[PlyCount "95"]
[EventDate "2013.11.12"]
[EventType "swiss"]
[EventRounds "11"]
[EventCountry "CRO"]
[SourceTitle "CBM 157 Extra"]
[Source "ChessBase"]
[SourceDate "2013.12.19"]
[SourceVersion "1"]
[SourceVersionDate "2013.12.19"]
[SourceQuality "1"]

1. d4 g6 2. Nf3 Bg7 3. Bf4 Nf6 4. e3 c5 5. c3 0-0 6. h3 cxd4 7. exd4 d6 8. Be2 Qb6 9. Qb3 Qc7 10. Nbd2 Nc6 11. 0-0 Rb8 12. Rfe1 Be6 13. Qa3 b5 14. Rac1 Qb6 15. b4 Nd5 16. Be3 h6 17. Qb2 f5 18. Nf1 Bf7 19. a3 Nxe3 20. Nxe3 e5 21. dxe5 dxe5 22. Red1 Rbd8 23. Rxd8 Rxd8 24. Rd1 Rxd1+ 25. Nxd1 e4 26. Ne1 Ne5 27. Qd2 a6 28. Nc2 Qc7 29. Nde3 f4 30. Nd1 g5 31. Nd4 Qd7 32. Qc2 Bd5 33. Nb3 f3 34. gxf3 Qf7 35. Nd4 Nxf3+ 36. Bxf3 exf3 37. Qf5 Qxf5 38. Nxf5 Bf8 39. Nde3 Be4 40. Nd4 Bg7 41. Nf1 Kf7 42. Nd2 Bd5 43. N2b3 Bxb3 44. Nxb3 Bxc3 45. Nc5 Bb2 46. Nxa6 Bxa3 47. Nc7 Bxb4 48. Nxb5 1/2-1/2

[Event "EU-chT Seniors 15th"]
[Site "Dresden"]
[Date "2013.07.26"]
[Round "7"]
[White "Vogt, Lothar"]
[Black "Harestad, Thor Geir"]
[Result "1/2-1/2"]
[WhiteElo "2402"]
[BlackElo "2199"]
[PlyCount "53"]
[EventDate "2013.07.20"]
[EventType "team-swiss"]
[EventRounds "9"]
[EventCountry "GER"]
[SourceTitle "CBM 155 Extra"]
[Source "ChessBase"]
[SourceDate "2013.08.26"]
[SourceVersion "1"]
[SourceVersionDate "2013.08.26"]
[SourceQuality "1"]
[WhiteTeam "Eppingen"]
[BlackTeam "Norway"]
[WhiteTeamCountry "GER"]
[BlackTeamCountry "NOR"]

1. e4 c5 2. c3 d5 3. exd5 Qxd5 4. d4 e6 5. Nf3 Nf6 6. Be3 cxd4 7. cxd4 Be7 8. Nc3 Qd8 9. Bd3 0-0 10. 0-0 Nc6 11. a3 b6 12. Qe2 Bb7 13. Rad1 Re8 14. Rfe1 Qc7 15. Bg5 Rad8 16. Bb1 g6 17. Ba2 Nd5 18. Bxd5 exd5 19. Qd2 f6 20. Bf4 Qd7 21. b4 Bf8 22. h3 Ne7 23. Bh6 Bxh6 24. Qxh6 Nf5 25. Qf4 Qd6 26. Qd2 Qd7 27. Qf4 1/2-1/2

[Event "EU-chT Seniors 15th"]
[Site "Dresden"]
[Date "2013.07.21"]
[Round "2"]
[White "Harestad, Thor Geir"]
[Black "Gofshtein, Leonid D"]
[Result "0-1"]
[WhiteElo "2199"]
[BlackElo "2460"]
[PlyCount "74"]
[EventDate "2013.07.20"]
[EventType "team-swiss"]
[EventRounds "9"]
[EventCountry "GER"]
[SourceTitle "CBM 155 Extra"]
[Source "ChessBase"]
[SourceDate "2013.08.26"]
[SourceVersion "1"]
[SourceVersionDate "2013.08.26"]
[SourceQuality "1"]
[WhiteTeam "Norway"]
[BlackTeam "Israel"]
[WhiteTeamCountry "NOR"]
[BlackTeamCountry "ISR"]

1. d4 Nf6 2. c4 c5 3. d5 b5 4. cxb5 a6 5. bxa6 Bxa6 6. Nc3 g6 7. Nf3 d6 8. g3 Bg7 9. Bg2 Nbd7 10. 0-0 0-0 11. Re1 Qa5 12. Qc2 Nb6 13. Nd2 c4 14. Rd1 Bb7 15. e4 Nfd7 16. Nf1 Nc5 17. Rb1 Nca4 18. Nxa4 Qxa4 19. Qxa4 Nxa4 20. Rd2 Nc5 21. a3 Nb3 22. Rc2 Nd4 23. Rd2 Ba6 24. Ne3 c3 25. bxc3 Ne2+ 26. Kh1 Nxc3 27. Rb3 Rfb8 28. Rdb2 Rc8 29. Bd2 Na4 30. Rb1 Nc5 31. Rb6 Bd3 32. R1b4 h5 33. h4 Rxa3 34. f3 Ra2 35. Bh3 Rf8 36. Be1 Ra1 37. Ng2 Bc3 0-1

[Event "EU-ch Seniors 13th"]
[Site "Plovdiv"]
[Date "2013.03.15"]
[Round "5"]
[White "Okhotnik, Vladimir"]
[Black "Harestad, Thor Geir"]
[Result "1-0"]
[WhiteElo "2411"]
[BlackElo "2207"]
[PlyCount "95"]
[EventDate "2013.03.11"]
[EventType "swiss"]
[EventRounds "9"]
[EventCountry "BUL"]
[SourceTitle "CBM 153 Extra"]
[Source "ChessBase"]
[SourceDate "2013.04.22"]
[SourceVersion "1"]
[SourceVersionDate "2013.04.22"]
[SourceQuality "1"]

1. e4 c5 2. Nf3 e6 3. c4 Nc6 4. Nc3 d6 5. d4 cxd4 6. Nxd4 Be7 7. Be2 Nf6 8. Be3 0-0 9. 0-0 a6 10. f3 Rb8 11. Rc1 Bd7 12. Nb3 Na5 13. Qd2 Nxb3 14. axb3 b5 15. Ra1 b4 16. Na4 a5 17. Rfd1 Bxa4 18. Rxa4 Qc7 19. c5 d5 20. Qc2 Rfc8 21. Rc1 e5 22. exd5 Nxd5 23. Bf2 Bg5 24. Rca1 Ra8 25. Qe4 Nf4 26. Bc4 Be7 27. c6 Bd6 28. Rc1 g6 29. Raa1 Kg7 30. Bf1 Re8 31. Re1 Rad8 32. Rac1 f6 33. Kh1 Bf8 34. Red1 Ne6 35. Qc4 Rd6 36. Rxd6 Bxd6 37. Qd5 Nf4 38. Qb5 Rb8 39. Qc4 Re8 40. Qa6 Ne6 41. Bb6 Qe7 42. Rd1 Nd4 43. Qb7 Qxb7 44. cxb7 Bb8 45. Rc1 Kf7 46. Rc8 Bd6 47. Bc4+ Ke7 48. Bc5 1-0